000 00941nac a22002891i 4500
003 EG-ScBUE
005 20250622084915.0
008 250617r20031999ii a f b 001 0 eng d
020 _a8178087375
020 _a9798178087374
040 _aEG-ScBUE
_beng
_erda
_cEG-ScBUE
_dEG-ScBUE
082 0 4 _a537.6
_bGRI
_222
100 1 _aGriffiths, David J.
_q(David Jeffery)
_d1942-
_eauthor.
245 1 0 _aIntroduction to electrodynamics /
_cDavid J. Griffiths, Reed College.
250 _aThird edition.
250 _aSecond Indian reprint.
250 _aLow price edition.
264 1 _aNew Delhi :
_bPearson Education,
_c2003.
300 _axv, 576 pages :
_billustrations ;
_c25 cm
336 _2rdacontent
_atext
_btxt
337 _aunmediated
_2rdamedia
_bn
338 _avolume
_bnc
_2rdacarrier
504 _aIncludes bibliographical references and index.
650 7 _aElectrodynamics.
_2BUEsh
655 _vReading book
942 _cBB
_2ddc
999 _c831
_d831